<?xml version="1.0" encoding="UTF-8"?>
<record
    xmlns:xsi="http://www.w3.org/2001/XMLSchema-instance"
    xsi:schemaLocation="http://www.loc.gov/MARC21/slim http://www.loc.gov/standards/marcxml/schema/MARC21slim.xsd"
    xmlns="http://www.loc.gov/MARC21/slim">

  <leader>01517nas a2200253 454500</leader>
  <controlfield tag="001">24492</controlfield>
  <controlfield tag="005">20260407193506.0</controlfield>
  <controlfield tag="008">260407s1964####ag###########|||spa#d</controlfield>
  <controlfield tag="003">AR-UNSa-BCEJYS</controlfield>
  <datafield tag="040" ind1=" " ind2=" ">
    <subfield code="a">AR-UNSa-BCEJYS</subfield>
    <subfield code="b">spa</subfield>
    <subfield code="c">AR-UNSa-BCEJYS</subfield>
  </datafield>
  <datafield tag="080" ind1=" " ind2=" ">
    <subfield code="a">657</subfield>
    <subfield code="x">Contabilidad</subfield>
  </datafield>
  <datafield tag="245" ind1="1" ind2="0">
    <subfield code="a">Escritos contables</subfield>
  </datafield>
  <datafield tag="022" ind1=" " ind2=" ">
    <subfield code="a">1514-4275</subfield>
  </datafield>
  <datafield tag="264" ind1=" " ind2="1">
    <subfield code="a">Bah&#xED;a Blanca :</subfield>
    <subfield code="b">Universidad Nacional del Sur. Departamento de Ciencias Econ&#xF3;micas</subfield>
    <subfield code="c">1964</subfield>
  </datafield>
  <datafield tag="310" ind1=" " ind2=" ">
    <subfield code="a">Frecuencia: Semestral</subfield>
  </datafield>
  <datafield tag="505" ind1=" " ind2=" ">
    <subfield code="a">Escritos contables y de administraci&#xF3;n es una publicaci&#xF3;n semestral del Departamento de Ciencias de la Administraci&#xF3;n de la Universidad Nacional del Sur. Ha sido editada desde 1964 hasta 2005 bajo el nombre de Escritos contables, y en su continuaci&#xF3;n busca contribuir al avance y divulgaci&#xF3;n del conocimiento cient&#xED;fico y t&#xE9;cnico de la Contabilidad, Administraci&#xF3;n y dem&#xE1;s disciplinas afines. Sus objetivos incluyen difundir los resultados de investigaciones tanto te&#xF3;ricas como aplicadas, comunicar al &#xE1;mbito acad&#xE9;mico y profesional los avances relevantes y fomentar la visibilidad de las investigaciones locales. </subfield>
  </datafield>
  <datafield tag="942" ind1=" " ind2=" ">
    <subfield code="c">SER</subfield>
  </datafield>
  <datafield tag="590" ind1=" " ind2=" ">
    <subfield code="a">niveau_biblio:s niveau_hierar:1</subfield>
  </datafield>
  <datafield tag="100" ind1="1" ind2=" ">
    <subfield code="a">Universidad Nacional del Sur. Departamento de Ciencias Econ&#xF3;micas. Centro de Estudios de Administraci&#xF3;n</subfield>
  </datafield>
  <datafield tag="650" ind1=" " ind2=" ">
    <subfield code="a">CONTABILIDAD</subfield>
  </datafield>
  <datafield tag="650" ind1=" " ind2=" ">
    <subfield code="a">Investigaci&#xF3;n econ&#xF3;mica</subfield>
  </datafield>
  <datafield tag="650" ind1=" " ind2=" ">
    <subfield code="a">ECONOMIA</subfield>
  </datafield>
  <datafield tag="856" ind1="4" ind2="1">
    <subfield code="u">https://biblioeco.unsa.edu.ar/pmb/images/revistas/Escritos Contables.jpg</subfield>
    <subfield code="y">Imagen de portada</subfield>
    <subfield code="q">image/jpeg</subfield>
  </datafield>
  <datafield tag="999" ind1=" " ind2=" ">
    <subfield code="c">8577</subfield>
    <subfield code="d">8577</subfield>
  </datafield>
  <datafield tag="952" ind1=" " ind2=" ">
    <subfield code="0">0</subfield>
    <subfield code="1">0</subfield>
    <subfield code="4">0</subfield>
    <subfield code="7">0</subfield>
    <subfield code="a">BCEJYS</subfield>
    <subfield code="b">BCEJYS</subfield>
    <subfield code="c">17</subfield>
    <subfield code="d">2003-01-01</subfield>
    <subfield code="h">N&#xBA; 44 - ene./dic. 2003</subfield>
    <subfield code="l">0</subfield>
    <subfield code="o">H657 UNI 44</subfield>
    <subfield code="p">R11824</subfield>
    <subfield code="r">2026-04-10 16:08:21</subfield>
    <subfield code="w">2026-04-10</subfield>
    <subfield code="y">RN</subfield>
  </datafield>
  <datafield tag="952" ind1=" " ind2=" ">
    <subfield code="0">0</subfield>
    <subfield code="1">0</subfield>
    <subfield code="4">0</subfield>
    <subfield code="7">0</subfield>
    <subfield code="a">BCEJYS</subfield>
    <subfield code="b">BCEJYS</subfield>
    <subfield code="c">17</subfield>
    <subfield code="d">2002-01-01</subfield>
    <subfield code="h">N&#xBA; 43 - ene./dic. 2002</subfield>
    <subfield code="l">0</subfield>
    <subfield code="o">H657 UNI 43</subfield>
    <subfield code="p">R11953</subfield>
    <subfield code="r">2026-04-10 16:08:21</subfield>
    <subfield code="w">2026-04-10</subfield>
    <subfield code="y">RN</subfield>
  </datafield>
  <datafield tag="952" ind1=" " ind2=" ">
    <subfield code="0">0</subfield>
    <subfield code="1">0</subfield>
    <subfield code="4">0</subfield>
    <subfield code="7">0</subfield>
    <subfield code="a">BCEJYS</subfield>
    <subfield code="b">BCEJYS</subfield>
    <subfield code="c">17</subfield>
    <subfield code="d">2000-01-01</subfield>
    <subfield code="h">N&#xBA; 40 - ene./dic. 2000</subfield>
    <subfield code="l">0</subfield>
    <subfield code="o">H657 UNI 40</subfield>
    <subfield code="p">R11952</subfield>
    <subfield code="r">2026-04-10 16:08:21</subfield>
    <subfield code="w">2026-04-10</subfield>
    <subfield code="y">RN</subfield>
  </datafield>
  <datafield tag="952" ind1=" " ind2=" ">
    <subfield code="0">0</subfield>
    <subfield code="1">0</subfield>
    <subfield code="4">0</subfield>
    <subfield code="7">0</subfield>
    <subfield code="a">BCEJYS</subfield>
    <subfield code="b">BCEJYS</subfield>
    <subfield code="c">17</subfield>
    <subfield code="d">1998-01-01</subfield>
    <subfield code="h">N&#xBA; 37 - ene./dic. 1998</subfield>
    <subfield code="l">0</subfield>
    <subfield code="o">H657 UNI 37</subfield>
    <subfield code="p">R11823</subfield>
    <subfield code="r">2026-04-10 16:08:21</subfield>
    <subfield code="w">2026-04-10</subfield>
    <subfield code="y">RN</subfield>
  </datafield>
  <datafield tag="952" ind1=" " ind2=" ">
    <subfield code="0">0</subfield>
    <subfield code="1">0</subfield>
    <subfield code="4">0</subfield>
    <subfield code="7">0</subfield>
    <subfield code="a">BCEJYS</subfield>
    <subfield code="b">BCEJYS</subfield>
    <subfield code="c">17</subfield>
    <subfield code="d">1988-01-01</subfield>
    <subfield code="h">A&#xF1;o XXII/XXIII, N&#xBA; 33 - ene./dic. 1988</subfield>
    <subfield code="l">0</subfield>
    <subfield code="o">H657 UNI 33</subfield>
    <subfield code="p">R11822</subfield>
    <subfield code="r">2026-04-10 16:08:21</subfield>
    <subfield code="w">2026-04-10</subfield>
    <subfield code="y">RN</subfield>
  </datafield>
  <datafield tag="952" ind1=" " ind2=" ">
    <subfield code="0">0</subfield>
    <subfield code="1">0</subfield>
    <subfield code="4">0</subfield>
    <subfield code="7">0</subfield>
    <subfield code="a">BCEJYS</subfield>
    <subfield code="b">BCEJYS</subfield>
    <subfield code="c">17</subfield>
    <subfield code="d">1986-01-01</subfield>
    <subfield code="h">A&#xF1;o XX/XXI, N&#xBA; 32 - ene./dic. 1986</subfield>
    <subfield code="l">0</subfield>
    <subfield code="o">H657 UNI 32</subfield>
    <subfield code="p">R11821</subfield>
    <subfield code="r">2026-04-10 16:08:21</subfield>
    <subfield code="w">2026-04-10</subfield>
    <subfield code="y">RN</subfield>
  </datafield>
  <datafield tag="952" ind1=" " ind2=" ">
    <subfield code="0">0</subfield>
    <subfield code="1">0</subfield>
    <subfield code="4">0</subfield>
    <subfield code="7">0</subfield>
    <subfield code="a">BCEJYS</subfield>
    <subfield code="b">BCEJYS</subfield>
    <subfield code="c">17</subfield>
    <subfield code="d">1985-01-01</subfield>
    <subfield code="h">A&#xF1;o XVIII/XIX, N&#xBA; 31 - ene./dic. 1985</subfield>
    <subfield code="l">0</subfield>
    <subfield code="o">H657 UNI 31</subfield>
    <subfield code="p">R11820</subfield>
    <subfield code="r">2026-04-10 16:08:21</subfield>
    <subfield code="w">2026-04-10</subfield>
    <subfield code="y">RN</subfield>
  </datafield>
  <datafield tag="952" ind1=" " ind2=" ">
    <subfield code="0">0</subfield>
    <subfield code="1">0</subfield>
    <subfield code="4">0</subfield>
    <subfield code="7">0</subfield>
    <subfield code="a">BCEJYS</subfield>
    <subfield code="b">BCEJYS</subfield>
    <subfield code="c">17</subfield>
    <subfield code="d">1983-01-01</subfield>
    <subfield code="h">A&#xF1;o XVI/XVII, N&#xBA; 30 - ene./dic. 1983</subfield>
    <subfield code="l">0</subfield>
    <subfield code="o">H657 UNI 30</subfield>
    <subfield code="p">R11819</subfield>
    <subfield code="r">2026-04-10 16:08:21</subfield>
    <subfield code="w">2026-04-10</subfield>
    <subfield code="y">RN</subfield>
  </datafield>
  <datafield tag="952" ind1=" " ind2=" ">
    <subfield code="0">0</subfield>
    <subfield code="1">0</subfield>
    <subfield code="4">0</subfield>
    <subfield code="7">0</subfield>
    <subfield code="a">BCEJYS</subfield>
    <subfield code="b">BCEJYS</subfield>
    <subfield code="c">17</subfield>
    <subfield code="d">1977-07-01</subfield>
    <subfield code="h">A&#xF1;o X, N&#xBA; 25 - jul./dic. 1977</subfield>
    <subfield code="l">0</subfield>
    <subfield code="o">H657 UNI 25</subfield>
    <subfield code="p">R11818</subfield>
    <subfield code="r">2026-04-10 16:08:21</subfield>
    <subfield code="w">2026-04-10</subfield>
    <subfield code="y">RN</subfield>
  </datafield>
  <datafield tag="952" ind1=" " ind2=" ">
    <subfield code="0">0</subfield>
    <subfield code="1">0</subfield>
    <subfield code="4">0</subfield>
    <subfield code="7">0</subfield>
    <subfield code="a">BCEJYS</subfield>
    <subfield code="b">BCEJYS</subfield>
    <subfield code="c">17</subfield>
    <subfield code="d">1976-01-01</subfield>
    <subfield code="h">A&#xF1;o IX, N&#xBA; 22 - ene./jun. 1976</subfield>
    <subfield code="l">0</subfield>
    <subfield code="o">H657 UNI 22</subfield>
    <subfield code="p">R11813</subfield>
    <subfield code="r">2026-04-10 16:08:21</subfield>
    <subfield code="w">2026-04-10</subfield>
    <subfield code="y">RN</subfield>
  </datafield>
</record>
